000 00671nam a2200241Ia 4500
003 OSt
005 20220918105357.0
006 a|||||r|||| 00| 0
007 ta
008 220915b |||||||| |||| 00| 0 eng d
024 _a67661
037 _cReference Collections
040 _aARTS
_cARTS
_beng
041 _2eng
_aeng
082 _aQ5kn1,N74, L4(RR)
100 _aRabinwitz Louis l Ed.
_9667
245 0 _aEncyclopedia judaica yearbook 1974
_b Events of 1973
260 _c1974
300 _axix, 444p.
650 _aRELIGION
_941
942 _hQ5kn1,N74, L4(RR)
_cREF
999 _c106485
_d106485